[Event "Stay Safe Play From Home 355"]
[Site "Emanuel Lasker Arena"]
[Date "2020.08.04"]
[Round "3"]
[White "SoulofWolf"]
[Black "Nuktotitakoi"]
[Result "1-0"]
[WhiteElo "2130"]
[BlackElo "2380"]
[Annotator "TA"]
[PlyCount "165"]
[EventDate "2020.08.04"]
[EventType "swiss (blitz)"]

{[%evp 9,164,0,0,-4,-8,-32,0,-10,-7,-16,0,0,19,3,39,37,39,37,35,37,73,73,176,51,108,100,95,54,70,-24,-20,-55,89,79,93,105,84,52,75,77,132,133,108,83,65,47,90,42,125,2,6,8,22,0,187,200,194,202,204,200,196,-2396,-2321,-2321,-2115,-2102,-1396,-29985,-29986,-29983,29966,29967,29966,29969,29967,29970,29966,5887,29980,29979,29979,29980,29984,29980,29988,29987,29989,29988,29984,29986,29986,29987,29989,29989,29988,29988,29988,29988,29988,29986,29990,29986,29985,29986,29989,29990,29990,29991,29991,29992,29992,29993,29993,29992,29998,29994,29994,29992,29994,29993,29994,29993,29993,29994,29994,29994,29994,29994,29994,29994,29994,29994,29996,29995,29995,29995,29996,29996,29996,29996,29997,29996,29996,29997,29997,29997,29998,29997,29998,29997,29998,29997,29997,29998,29998,29999,29999]} 1. Nf3 d6 2. c4 Nf6 3. e3 g6 4. b3 Bg7 5. Bb2 O-O 6. Nc3 {A15: English Opening: 1...Nf6.} e5 7. Be2 {has lost popularity (7.d4).} c5 (7... e4 $5 {[%cal Re4f3]} 8. Nd4 c5 $11) 8. d3 {The position is equal.} Nc6 9. O-O Bf5 10. a3 Re8 11. Qc2 {[#]} e4 $146 ({Predecessor:} 11... Qd7 12. e4 Bg4 13. h3 Bxf3 14. Bxf3 a6 15. Bd1 Rad8 16. f4 exf4 17. Rxf4 Re5 {1-0 (39) Vacas Arno,G (1501)-Lara Cabrera,T (1671) Llinars del Valles 2018}) 12. Ne1 Qd7 13. Rd1 exd3 14. Bxd3 Bxd3 15. Nxd3 a6 {[#]} (15... Qf5 $16 {might work better.}) 16. h3 (16. Nxc5 $1 $18 {[%mdl 512]} Qc7 (16... dxc5 17. Rxd7) 17. Nd3) 16... Qc7 ({Black should try} 16... Qf5 $14) 17. Nf4 $16 Ne7 18. Ncd5 Nexd5 19. cxd5 (19. Nxd5 $14 Nxd5 20. Rxd5) 19... b5 20. Qb1 c4 (20... Nd7 $15 {keeps the upper hand.}) 21. Qa1 Qe7 22. bxc4 bxc4 23. Bd4 Rac8 24. Rc1 g5 (24... Rc7 $142) 25. Ne2 {Threatens to win with Ng3.} g4 26. h4 {And now Ng3 would win.} Nh5 27. g3 Be5 28. Rc2 Qf6 ({Black should play} 28... Nf6 $14) 29. Rfc1 (29. Qc1 $16) 29... Qf3 $11 30. Bxe5 Rxe5 31. Nd4 (31. Qb2 {keeps more tension.} Qxd5 32. Qa2 c3 33. Qb1 Qb5 34. Qxb5 Rxb5 35. Rxc3 Rxc3 36. Rxc3 Nf6 37. Nd4) 31... Qe4 $2 (31... Qxd5 $11 32. Qb2 Ree8) 32. Rxc4 $18 Rxc4 33. Rxc4 Nxg3 34. fxg3 Qxe3+ 35. Kh2 $4 {[%mdl 8192]} (35. Kh1 $18 Qf2 36. Rc8+ Kg7 37. Rc1) 35... Qf2+ $19 36. Kh1 Re1+ 37. Qxe1 Qxe1+ {[%mdl 4096] Endgame KQ-KRN} 38. Kh2 Qf2+ 39. Kh1 Qxg3 $4 {[%mdl 8192]} (39... Qf1+ 40. Kh2 Qxc4 {[%mdl 64] Double Attack} 41. Nc6 Qf1 42. Ne7+ Kg7 43. Nc6 Qf2+ 44. Kh1 Qxg3 45. Nd4 Qf2 46. h5 Kf6 47. h6 g3 48. Nf3 g2+ 49. Kh2 g1=R+ 50. Kh3 Qg3#) 40. Rc8+ {White stays focused until the end.} Kg7 41. Nf5+ {[%mdl 64] Double Attack} Kf6 42. Nxg3 Ke5 43. Kg2 f5 44. Ra8 {White mates.} f4 45. Nh5 Kxd5 46. Rxa6 Ke4 47. Ra4+ Ke3 48. Rxf4 d5 49. Rxg4 d4 50. Ng3 d3 51. Nf5+ Ke2 52. Rg3 d2 53. Re3+ Kd1 54. Rd3 Kc1 {[#]} 55. Rxd2 $3 Kxd2 {KN-KP} 56. a4 h6 57. a5 h5 58. a6 Kd3 59. a7 Ke4 60. a8=Q+ Kxf5 61. Qh8 Kg4 62. Qd8 {[%csl Gh4][%cal Rd8g5]} Kf5 63. Qg5+ Ke4 64. Qxh5 Kd3 65. Qg6+ Kd2 66. h5 Kd1 67. Kg3 Kd2 68. Kg4 Kd1 69. Kh4 Ke2 70. Kg5 Ke1 71. h6 Ke2 72. Kh5 Ke1 73. h7 Ke2 74. Kg5 Ke1 75. Kg4 Kd1 76. h8=Q Kd2 77. Qhg7 Kd1 78. Q6f6 Kd2 79. Qge7 Kd1 80. Qfd6+ Kc2 81. Qec7+ Kb1 82. Qdb6+ Ka2 83. Qca7# {Accuracy: White = 54%, Black = 47%.} 1-0

[Event "Stay Safe Play From Home 355"]
[Site "Emanuel Lasker Arena"]
[Date "2020.08.04"]
[Round "3"]
[White "Stefanone"]
[Black "Padmaesh M K"]
[Result "0-1"]
[WhiteElo "1966"]
[BlackElo "1813"]
[Annotator "TA"]
[PlyCount "32"]
[EventDate "2020.08.04"]
[EventType "swiss (blitz)"]

{[%evp 12,31,-4,-4,-5,-22,-19,-31,1,0,-7,-6,122,102,99,91,161,89,212,156,152,-29999]} 1. d4 d5 2. e3 c5 3. Nf3 Nc6 4. b3 cxd4 5. exd4 Nf6 6. Bb2 Bg4 7. Be2 e6 {D04: Colle System.} 8. Ne5 Bxe2 9. Qxe2 {[#]} Ne4 $146 {Black is slightly better.} ({Predecessor:} 9... Bd6 10. Nd2 O-O 11. O-O Rc8 12. Rac1 Qa5 13. a3 b5 14. b4 Qb6 15. Nb3 Rfd8 {0-1 (70) Sondergaard,G-May,H Aarhus 1995}) 10. O-O Bd6 11. Nd2 O-O (11... Nxd2 $11 {remains equal.} 12. Qxd2 Nxe5 13. dxe5 Bc5) 12. Nxe4 {[#] Threatens to win with Nxc6.} dxe4 13. Qxe4 f5 (13... Bxe5 $16 14. dxe5 Qe7) 14. Qe2 (14. Nxc6 $18 Qe8 15. Qe2 bxc6 16. Rfe1) 14... Qf6 (14... Nxe5 $16 15. dxe5 Bc5) 15. Nd7 Qh6 {[%csl Gd6][%cal Rh6h2]} 16. Nxf8 $2 {[#]} (16. h3 $16 Rfd8 17. Nc5) 16... Qxh2# {Accuracy: White = 31%, Black = 25%.} 0-1

[Event "Stay Safe Play From Home 355"]
[Site "Emanuel Lasker Arena"]
[Date "2020.08.04"]
[Round "3"]
[White "Cirovicz"]
[Black "Broken sword"]
[Result "0-1"]
[WhiteElo "1842"]
[BlackElo "2380"]
[Annotator "TA"]
[PlyCount "70"]
[EventDate "2020.08.04"]
[EventType "swiss (blitz)"]

{[%evp 9,70,11,21,22,25,20,20,-10,-9,-58,31,41,28,35,72,-179,-201,-185,-195,-382,-274,-327,-293,-291,-308,-293,-297,-308,-343,-478,-484,-501,-490,-1063,-1056,-1095,-906,-1163,-1148,-1148,-1078,-1427,-1131,-1113,-1097,-1851,-1635,-1410,-1135,-1242,-1235,-6513,-6187,-29962,-9381,-29984,-29984,-29990,-29991,-29991,-29988,-29988,-29989]} 1. e4 c5 2. f4 e6 3. Nf3 a6 4. e5 d5 5. c3 Ne7 6. d4 {B21: Sicilian: 2 f4 and Morra Gambit.} cxd4 7. cxd4 Nbc6 {[#]} 8. Nc3 $146 {The position is equal.} ({Predecessor:} 8. Bd3 Qb6 9. Bc2 Bd7 10. Nc3 Rc8 11. a3 Na5 12. Ne2 Qc7 13. Bd3 Bb5 14. Bxb5+ axb5 {0-1 (48) Plotnikov,V-Sandoval Huertas,G Dos Hermanas 2004}) 8... Nf5 9. Be2 b5 (9... Qb6 $15) 10. g4 $14 Nh4 11. O-O $1 Bb7 12. Qe1 $2 {[%mdl 8192] Loses the game.} (12. Be3 $16 {and life is bright.}) 12... Nxf3+ $19 13. Bxf3 Nxd4 14. Qe3 $2 (14. Bd1) 14... Nc2 {[%mdl 64] [#] Double Attack} 15. Qd3 Nxa1 16. Be3 Rc8 17. Rxa1 Bc5 {White must now prevent ...Bxe3+.} 18. Bxc5 Rxc5 19. f5 Qc7 20. Re1 {[#]} d4 $1 21. Be4 (21. Ne4 $142 Rxe5 22. Qxd4) (21. Qxd4 Bxf3) 21... dxc3 22. Bxb7 Qxb7 23. f6 g6 24. bxc3 Rd5 25. Qh3 Qb6+ 26. Kh1 Qc6 {( -> ...Rd1+)} 27. Kg1 h5 28. Qe3 Qc5 29. Qxc5 Rxc5 30. Rd1 hxg4 31. Rd6 Rxc3 (31... Rh3 $142 32. Rxa6 Rxe5 33. Ra8+ Kd7 34. Ra7+ Kd6 35. Ra6+ Kc5 36. a4 Rxc3 37. axb5 Kxb5 38. Ra2 Rf5 39. Rb2+ Kc5 40. Ra2 Rxf6 41. Ra4 Rc4 42. Ra5+ Kd4 43. Ra7 Rf3 44. Kh1 e5 45. Kg1 Rc1+ 46. Kg2 Rc2+ 47. Kg1 Rff2 48. Ra1 Rg2+ 49. Kh1 Rxh2+ 50. Kg1 g3 51. Ra4+ Ke3 52. Ra3+ Kf4 53. Ra4+ e4 54. Ra1 Kg4 55. Rb1 Rcg2+ 56. Kf1 Kh3 57. Ke1 Rh1#) 32. Rxa6 O-O {Black mates.} 33. Ra5 Rd8 34. Rxb5 Rd2 {[%cal Rc3c1]} 35. Rb1 Ra3 {Accuracy: White = 30%, Black = 69%.} 0-1

[Event "Stay Safe Play From Home 355"]
[Site "Emanuel Lasker Arena"]
[Date "2020.08.04"]
[Round "3"]
[White "GIULIO19031975"]
[Black "TheCHESSHOUSE"]
[Result "0-1"]
[WhiteElo "1730"]
[BlackElo "2115"]
[Annotator "NA RC"]
[PlyCount "36"]
[EventDate "2020.08.04"]
[EventType "swiss (blitz)"]

1. e4 {[%emt 0:00:03]} c5 {[%emt 0:00:01]} 2. Nf3 {[%emt 0:00:01]} d6 {[%emt 0:00:01]} 3. Nc3 {[%emt 0:00:00]} Nf6 {[%emt 0:00:01]} 4. d4 {[%emt 0:00:00]} cxd4 {[%emt 0:00:01]} 5. Qxd4 {[%emt 0:00:01]} Nc6 {[%emt 0:00:02]} 6. Bb5 {[%emt 0:00:01]} Bd7 {[%emt 0:00:01]} 7. Bxc6 {[%emt 0:00:01]} Bxc6 {[%emt 0:00:00]} 8. Bg5 {[%emt 0:00:01]} g6 {[%emt 0:00:02]} 9. O-O-O {[%emt 0:00:01]} Bg7 {[%emt 0:00:01]} 10. e5 {[%emt 0:00:00]} dxe5 {[%emt 0:00:03]} 11. Qxe5 {[%emt 0:00:01]} Qb6 {[%emt 0:00:04]} 12. Rhe1 {[%emt 0:00:01]} O-O {[%emt 0:00:02]} 13. Qxe7 {[%emt 0:00:01]} Nd5 {[%emt 0:00:03]} 14. Nxd5 {[%emt 0:00:02]} Qxb2+ {[%emt 0:00:01]} 15. Kd2 {[%emt 0:00:01]} Bxd5 {[%emt 0:00:04]} 16. Ne5 {[%emt 0:00:12]} Rae8 {[%emt 0:00:04]} 17. Qxe8 {[%emt 0:00:10]} Rxe8 {[%emt 0:00:01]} 18. Nd3 {[%emt 0:00:01]} Bc3# {[%emt 0:00:03] (Lag: Av=0.68s, max=1.1s) (Lag: Av=0.68s, max=1.1s) (Lag: Av=0.68s, max=1.1s) (Lag: Av=0.68s, max=1.1s) (Lag: Av=0.68s, max=1.1s)} 0-1

[Event "Stay Safe Play From Home 355"]
[Site "Emanuel Lasker Arena"]
[Date "2020.08.04"]
[Round "3"]
[White "Ao017545"]
[Black "Greblha"]
[Result "0-1"]
[WhiteElo "1691"]
[BlackElo "1900"]
[Annotator "NA RC"]
[PlyCount "100"]
[EventDate "2020.08.04"]
[EventType "swiss (blitz)"]

1. e4 {[%emt 0:00:01]} c6 {[%emt 0:00:01]} 2. Nf3 {[%emt 0:00:00]} d5 {[%emt 0:00:00]} 3. exd5 {[%emt 0:00:02]} cxd5 {[%emt 0:00:01]} 4. d4 {[%emt 0:00:03]} Nc6 {[%emt 0:00:00]} 5. Bb5 {[%emt 0:00:01]} g6 {[%emt 0:00:01]} 6. Ne5 {[%emt 0:00:00]} Bd7 {[%emt 0:00:01]} 7. Qf3 {[%emt 0:00:01]} Nf6 {[%emt 0:00:03]} 8. Bxc6 {[%emt 0:00:05]} Bxc6 {[%emt 0:00:01]} 9. Bg5 {[%emt 0:00:00]} Bg7 {[%emt 0:00:01]} 10. Nc3 {[%emt 0:00:02]} O-O {[%emt 0:00:01]} 11. h4 {[%emt 0:00:02]} h5 {[%emt 0:00:02]} 12. Bxf6 {[%emt 0:00:02]} Bxf6 {[%emt 0:00:01]} 13. g4 {[%emt 0:00:00]} Bxe5 {[%emt 0:00:02]} 14. dxe5 {[%emt 0:00:00]} d4 {[%emt 0:00:01]} 15. Ne4 {[%emt 0:00:03]} Bxe4 {[%emt 0:00:02]} 16. Qxe4 {[%emt 0:00:01]} hxg4 {[%emt 0:00:01]} 17. Qxg4 {[%emt 0:00:00]} Qa5+ {[%emt 0:00:01]} 18. Kd1 {[%emt 0:00:03]} Qxe5 {[%emt 0:00:01]} 19. h5 {[%emt 0:00:01]} Qf5 {[%emt 0:00:07]} 20. Qxf5 {[%emt 0:00:02]} gxf5 {[%emt 0:00:01]} 21. Kd2 {[%emt 0:00:00]} Kh7 {[%emt 0:00:01]} 22. Rag1 {[%emt 0:00:01]} Rh8 {[%emt 0:00:01]} 23. h6 {[%emt 0:00:01]} Rag8 {[%emt 0:00:01]} 24. Rg7+ {[%emt 0:00:04]} Rxg7 {[%emt 0:00:01]} 25. hxg7+ {[%emt 0:00:00]} Kxg7 {[%emt 0:00:01]} 26. Rxh8 {[%emt 0:00:00]} Kxh8 {[%emt 0:00:01]} 27. Kd3 {[%emt 0:00:02]} e5 {[%emt 0:00:01]} 28. Kc4 {[%emt 0:00:01]} Kg7 {[%emt 0:00:02]} 29. Kd5 {[%emt 0:00:00]} Kf6 {[%emt 0:00:01]} 30. f3 {[%emt 0:00:02]} b6 {[%emt 0:00:04]} 31. Kd6 {[%emt 0:00:00]} e4 {[%emt 0:00:01]} 32. fxe4 {[%emt 0:00:03]} fxe4 {[%emt 0:00:01]} 33. Kc7 {[%emt 0:00:00]} e3 {[%emt 0:00:00]} 34. Kb7 {[%emt 0:00:00]} e2 {[%emt 0:00:00]} 35. Kxa7 {[%emt 0:00:00]} e1=Q {[%emt 0:00:00]} 36. Kxb6 {[%emt 0:00:00]} Qd2 {[%emt 0:00:01]} 37. a4 {[%emt 0:00:00]} Qxc2 {[%emt 0:00:01]} 38. a5 {[%emt 0:00:00]} Qb3+ {[%emt 0:00:01]} 39. Ka6 {[%emt 0:00:01]} Qxb2 {[%emt 0:00:01]} 40. Ka7 {[%emt 0:00:01]} d3 {[%emt 0:00:01]} 41. a6 {[%emt 0:00:00]} d2 {[%emt 0:00:01]} 42. Ka8 {[%emt 0:00:01]} Qe5 {[%emt 0:00:03]} 43. a7 {[%emt 0:00:00]} Qd5+ {[%emt 0:00:02]} 44. Kb8 {[%emt 0:00:01]} d1=Q {[%emt 0:00:01]} 45. a8=Q {[%emt 0:00:00]} Q1b3+ {[%emt 0:00:01]} 46. Ka7 {[%emt 0:00:03]} Qa4+ {[%emt 0:00:01]} 47. Kb6 {[%emt 0:00:01]} Qaxa8 {[%emt 0:00:02]} 48. Kc7 {[%emt 0:00:01]} Qac6+ {[%emt 0:00:00]} 49. Kb8 {[%emt 0:00:01]} Qd8+ {[%emt 0:00:01]} 50. Ka7 {[%emt 0:00:00]} Qdb6# {[%emt 0:00:01] (Lag: Av=0.55s, max=0.9s) (Lag: Av=0.55s, max=0.9s) (Lag: Av=0.55s, max=0.9s) (Lag: Av=0.55s, max=0.9s) (Lag: Av=0.55s, max=0.9s)} 0-1

[Event "Stay Safe Play From Home 355"]
[Site "Emanuel Lasker Arena"]
[Date "2020.08.04"]
[Round "4"]
[White "NTBT_DHS"]
[Black "Nuktotitakoi"]
[Result "1-0"]
[WhiteElo "2552"]
[BlackElo "2353"]
[Annotator "TA"]
[PlyCount "25"]
[EventDate "2020.08.04"]
[EventType "swiss (blitz)"]

{[%evp 9,25,19,11,11,54,47,93,87,81,71,170,178,166,170,161,168,848,841]} 1. e4 e6 2. Nf3 c5 3. c3 d5 4. e5 d4 5. Na3 Nc6 6. Bd3 {B40: Sicilian: 2...e6, Unusual lines.} Nh6 7. O-O {[#]} b6 $146 ({Predecessor:} 7... Be7 8. Qe2 Nf5 9. Be4 O-O 10. d3 Bd7 11. Nc2 Qb6 12. g4 Nh6 13. h3 Rad8 14. Na3 {1-0 (30) Sedina,E (2416)-Rosin,F (2127) Bratto 2002}) 8. Be4 {White is better.} Bb7 9. d3 Rb8 (9... Nf5 $16 {is a better defense.}) 10. cxd4 $18 Nxd4 11. Qa4+ {[%mdl 64] [#] Double Attack} Qd7 12. Qxa7 {[%mdl 64] Double Attack} Bxe4 $2 (12... Nxf3+ 13. gxf3 Qc8) 13. Qxb8+ {Black got outplayed after the opening. Accuracy: White = 100%, Black = 22%.} 1-0

[Event "Stay Safe Play From Home 355"]
[Site "Emanuel Lasker Arena"]
[Date "2020.08.04"]
[Round "4"]
[White "AChessPlayer"]
[Black "SoulofWolf"]
[Result "1-0"]
[WhiteElo "2436"]
[BlackElo "2158"]
[Annotator "TA"]
[PlyCount "85"]
[EventDate "2020.08.04"]
[EventType "swiss (blitz)"]

{[%evp 9,84,146,172,157,159,139,169,150,232,162,190,192,222,185,195,162,181,169,186,173,224,184,214,197,213,215,253,229,237,226,256,256,289,287,322,169,266,281,263,197,203,207,263,253,269,273,283,134,273,219,651,641,736,729,722,708,718,714,865,829,2216,2200,3008,3154,29988,29989,29989,29990,29992,29993,29993,29994,29994,29995,29995,29994,29999]} 1. Nf3 d6 2. g3 Nf6 3. Bg2 g5 4. Nxg5 Bh6 5. Nf3 {[#]} e5 $146 ({Predecessor:} 5... b5 6. O-O Ba6 7. d3 Nc6 8. Bxh6 Nb4 9. c3 Nbd5 10. e4 Ng4 11. Qd2 Nb6 {1-0 (19) Lorente Serrano,R (1564)-Elston,B Caleta 2017}) 6. d3 {A05: Réti Opening: 1 Nf3 Nf6.} Bg7 7. Bg5 Bg4 8. h3 {White is clearly better.} Bh5 (8... Be6 $16 {was necessary.} 9. Nc3 h6) 9. c4 Bg6 10. Nc3 h6 11. Bh4 c6 12. Nd2 Qb6 13. Rb1 a5 14. O-O Na6 (14... Nbd7 $142 15. Nde4 Nxe4) 15. Kh2 O-O 16. f4 exf4 17. gxf4 ({Much less strong is} 17. Rxf4 $6 Nh5 $16) 17... Qe3 18. f5 Bh5 19. Bf2 Qe5+ 20. Bg3 Qe3 21. Qe1 ({Don't take} 21. Bxd6 Rfe8 $18) 21... Rae8 22. Rf2 (22. Nde4 $142) 22... Kh8 (22... Nc5 {might work better.}) 23. Nf1 $18 ({Don't play} 23. Bxd6 Rg8 $18) 23... Qe7 24. e4 Rg8 25. Qd2 Nc5 26. Re1 Ncd7 27. Rf4 Ne5 28. Rh4 (28. b3 $18 {and White stays clearly on top.}) 28... Bf8 {This move loses the game for Black.} (28... Bf3 $16 {keeps fighting.}) 29. b3 Nh7 $2 (29... Bf3) 30. Rxh5 Bg7 31. d4 Nd7 32. Rxh6 Bxh6 33. Qxh6 Ndf6 34. Bh4 Qf8 35. Bxf6+ Rg7 36. Re3 {Rg3 would kill now.} Kg8 37. Bxg7 {White mates.} Qxg7 {[#]} 38. Rg3 $1 Qxg3+ 39. Nxg3 Kh8 40. Nh5 {[%csl Gh5][%cal Rh6g7]} Rg8 {[#]} 41. Nf6 $1 {[%csl Gf6][%cal Rh6h7]} Rg7 42. Nxh7 Rxh7 43. Qf8# {Accuracy: White = 68%, Black = 27%.} 1-0

[Event "Stay Safe Play From Home 355"]
[Site "Emanuel Lasker Arena"]
[Date "2020.08.04"]
[Round "4"]
[White "Broken sword"]
[Black "Lamborghini"]
[Result "1-0"]
[WhiteElo "2381"]
[BlackElo "2246"]
[Annotator "TA"]
[PlyCount "97"]
[EventDate "2020.08.04"]
[EventType "swiss (blitz)"]

{[%evp 19,97,12,79,10,33,0,31,-10,-13,-12,33,31,19,6,8,0,0,0,19,-20,-16,-13,-14,-25,27,-10,0,-22,33,-37,-22,-3,65,65,64,64,83,82,215,199,315,299,2232,311,311,313,262,167,269,268,471,351,596,590,662,350,361,347,370,310,347,337,393,321,316,140,270,82,248,248,430,422,619,522,737,743,2304,3291,29991,29992]} 1. e4 c5 2. Nf3 d6 3. d4 cxd4 4. Nxd4 Nf6 5. Nc3 g6 6. Be3 Bg7 7. Bc4 O-O 8. f3 Nc6 9. Bb3 Bd7 10. Qd2 Qb8 (10... Nxd4 $11 {keeps the balance.} 11. Bxd4 a5) 11. O-O {B77: Sicilian Dragon: Yugoslav Attack, 9 Bc4 sidelines.} (11. O-O-O $16) 11... Rc8 {[#]} 12. Rfd1 $146 ({Predecessor:} 12. Nd5 Nxd5 13. exd5 Ne5 14. Rae1 a5 15. a3 a4 16. Ba2 Nc4 17. Bxc4 Rxc4 18. c3 Qc7 {1-0 (28) Meftahi,H (2074)-Zaibi,A (2384) Monastir 2017}) 12... Ne5 13. Nd5 {White is slightly better.} Nxd5 14. Bxd5 Nc4 (14... e6 {seems wilder.} 15. Bb3 b5 16. Ne2 a5 17. a3 Qc7) 15. Bxc4 $1 Rxc4 16. c3 b5 17. a3 a5 18. Nc2 Rc6 19. Bd4 e5 20. Be3 Be6 21. Bh6 Bf6 (21... Qb6+ $142 22. Kh1 Bb3 23. Bxg7 Kxg7) 22. Bg5 Bg7 23. Ne3 Qb7 (23... Qa7 $11) 24. Rac1 (24. Nd5 $14 Kh8 25. g4) 24... h6 25. Bh4 b4 (25... Bb3 $11) 26. cxb4 $14 {Rxc6 is the strong threat.} axb4 27. Rxc6 Qxc6 {White now steadily converts the win.} 28. Qxb4 f5 (28... Bf8 $16) 29. Qxd6 Qc8 (29... Qxd6 $142 30. Rxd6 Kf7) 30. Nd5 fxe4 $2 (30... Bxd5 31. Qxd5+ Kh7) 31. fxe4 $2 (31. Ne7+ Kh7 32. Nxc8 Bxc8 33. Qc7 $1 {[%mdl 512]}) 31... Bxd5 $18 32. Qxd5+ ({Weaker is} 32. Rxd5 g5 $16) 32... Kh7 33. Qd7 Qa6 (33... Qc2 {was called for.}) 34. h3 Rf8 $2 (34... Qe2 35. Rf1 Qe3+ 36. Bf2 Qxe4) 35. Bg3 {aiming for Bxe5.} Qe2 $2 (35... Qf6 36. Qb5 h5) 36. Kh2 Qxe4 37. Re1 Qf5 38. Qxf5 Rxf5 {[%mdl 4096] Endgame KRB-KRB} 39. Re2 g5 40. b4 h5 41. Bf2 e4 42. Be3 (42. Kg1 $18 {and White stays clearly on top.}) 42... Rd5 (42... Rf1 $16 {keeps fighting.}) 43. Kg1 $2 (43. Rd2 $18 {has better winning chances.} Rxd2 44. Bxd2) 43... Rd3 $2 {[#]} (43... Rd1+ $16 44. Kf2 Ra1) 44. a4 $1 ({Don't take} 44. Bxg5 $6 Kg6) 44... Bc3 $2 (44... g4 45. hxg4 hxg4) 45. Bc5 e3 (45... Kg6 $142 46. a5 Rd1+ 47. Kf2 Ra1) 46. Rxe3 Rd1+ 47. Kf2 Be1+ 48. Rxe1 Ra1 49. Rxa1 {Accuracy: White = 46%, Black = 27%.} 1-0

[Event "Stay Safe Play From Home 355"]
[Site "Emanuel Lasker Arena"]
[Date "2020.08.04"]
[Round "4"]
[White "Little champs"]
[Black "Rogan"]
[Result "0-1"]
[WhiteElo "2189"]
[BlackElo "2241"]
[Annotator "TA"]
[PlyCount "136"]
[EventDate "2020.08.04"]
[EventType "swiss (blitz)"]

{[%evp 10,135,12,0,35,9,11,-8,1,-23,4,-59,-45,-54,0,-31,-31,-50,68,-53,0,0,60,41,75,0,8,0,0,0,18,-6,54,-3,66,63,65,-13,-22,-22,-8,-204,-195,-205,-82,-312,-312,-312,-312,-312,-337,-323,-334,-326,-339,-322,-317,-317,-262,-279,-278,-472,-400,-435,-437,-514,-429,-460,-354,-393,-352,-3613,-2962,-29971,-29972,-29971,-29971,-3181,-2171,-29974,-29975,-29975,-29976,-29975,-29977,-29978,-29979,-29984,-29985,-29985,-29986,-29987,-29987,-29987,-29988,-29989,-29990,-29991,-29992,-29995,-29996,-29996,-29996,-29996,-29993,-29993,-29992,-29993,-29992,-29992,-29988,-29994,-29994,-29995,-29996,-29996,-29995,-29995,-29996,-29996,-29997,-29998,-29998,-29998,-29998,-29998,-29999,-29999]} 1. e4 d5 2. exd5 Nf6 3. Nc3 Nxd5 4. Bc4 Nxc3 5. Qf3 e6 6. dxc3 Qf6 {B02: Alekhine's Defence: Chase Variation and lines with early Nc3.} (6... Bd6 {seems wilder.} 7. Qe4 O-O 8. Nf3 Nd7 9. O-O Nc5) 7. Qxf6 (7. Qe2 {keeps more tension.} Nc6 8. Nf3 h6 9. Be3 Be7 10. O-O-O) 7... gxf6 8. Be3 Nc6 {[#] The position is equal.} 9. O-O-O $146 ({Predecessor:} 9. Nf3 Bd7 10. O-O-O O-O-O 11. b4 a6 12. Kb2 Rg8 13. g3 f5 14. Rhe1 Be7 15. a3 {0-1 (73) O'Hayv,N (1899)-Yssing,K (2011) Copenhagen 2016}) 9... Bd7 10. Bb3 (10. Nf3 $11) 10... Bd6 11. Nf3 O-O-O (11... Na5 $15) 12. Rhe1 Rhg8 13. g3 Ne5 (13... Na5 $1 $15) 14. Nd4 ({Better is} 14. Nxe5 $14 fxe5 15. Bxa7) 14... Nc6 (14... Ng4 $15) 15. Bc4 Nxd4 (15... Ne5 $11 16. Bb5 Ng4) 16. cxd4 (16. Rxd4 {is more complex.} h5 17. Be2 Rh8 18. Rh4 b6 19. Bxh5 Rh7 20. Bf3) 16... Bc6 17. Bd3 (17. d5 $16 exd5 18. Bxd5) 17... Bf3 18. Rd2 h5 19. h4 f5 20. c3 Bd5 (20... Rg4 $11) 21. b3 (21. Bg5 $14) 21... Ba3+ ({Black should play} 21... f4 $11 22. Bxf4 Bxf4 23. gxf4 Rg4) 22. Kc2 $14 a5 23. c4 ({White should try} 23. Bg5 $14) 23... Bf3 $11 24. Be2 Be4+ 25. Bd3 $2 (25. Kd1 $11 {and White stays safe.}) 25... Bb4 $19 {[%mdl 64] Skewer} 26. Rde2 Bf3 (26... Bxe1 $19 {has better winning chances.} 27. Rxe1 b6) 27. Bg5 $2 (27. Ra1 $17 {is a better defense.}) 27... Bxe2 ({Don't take} 27... Rxd4 28. Rd1 $19) 28. Rxe2 Rxd4 29. Bf6 Rd7 30. Re3 Bc5 31. Rf3 Bd4 32. Bg5 f6 33. Bd2 Rgd8 34. Bxa5 {[#]} Bxf2 $1 {[%mdl 512]} 35. Bc3 $2 (35. Bxf5 exf5 36. Rxf2) (35. Rxf2 Rxd3) 35... Bd4 36. Bd2 Be5 37. a4 b6 38. Bb4 Kb7 39. Be1 c5 40. Bc3 $2 (40. Be2) 40... Bxc3 41. Kxc3 Rxd3+ 42. Rxd3 Rxd3+ 43. Kxd3 {[%mdl 4096] Endgame KP-KP} e5 44. Ke3 Ka6 {Black mates.} 45. Kd3 Ka5 46. Kc3 e4 47. Kc2 Kb4 48. Kd2 Kxb3 49. Ke3 Kxc4 50. Kf4 Kd3 51. Kxf5 e3 52. Kxf6 e2 53. Kg5 e1=Q 54. Kxh5 Qxg3 55. Kh6 Kc4 56. h5 Kb4 57. a5 Kxa5 58. Kh7 {[#]} Qh4 $1 59. h6 {[#]} Qxh6+ $1 60. Kg8 (60. Kxh6 c4) 60... c4 61. Kf7 c3 62. Ke7 Qd2 63. Ke8 c2 64. Ke7 c1=Q 65. Ke8 Qce1+ 66. Kf8 Qdf2+ 67. Kg8 Qeg1+ 68. Kh8 Qfh2# {Accuracy: White = 49%, Black = 58%.} 0-1